| 000 | 00359nam a2200145Ia 4500 | ||
|---|---|---|---|
| 008 | 191201s2009 xx 000 0 und d | ||
| 082 |
_a658.87 _bNAC |
||
| 100 | _aNAIR,Suja R | ||
| 245 | 0 | _aConsumer Behaviour in indian perspective | |
| 250 | _aRep | ||
| 260 |
_aN.Delhi _bHimala Publication House _c2009 |
||
| 300 | _a548 | ||
| 650 | _aMBA | ||
| 942 |
_2ddc _cBK |
||
| 999 |
_c4263 _d4263 |
||